Most popular baby boy names in Finland 2014 - Statistics

General Stats
  • This quiz has been taken 208 times
  • The average score is 19 of 50
Answer Stats
Rank Name % Correct
22 Joona
65%
5 Oliver
59%
10 Aleksi
58%
43 Eelis
58%
1 Elias
58%
2 Leo
57%
16 Mikael
55%
50 Aaro
53%
9 Eetu
51%
3 Onni
50%
11 Veeti
49%
33 Samuel
48%
7 Leevi
47%
14 Daniel
44%
25 Luka
44%
19 Eemil
43%
27 Emil
43%
15 Lauri
43%
17 Matias
43%
31 Valtteri
42%
48 Benjamin
39%
29 Nooa
39%
8 Väinö
39%
24 Eeli
38%
20 Eemeli
38%
23 Joel
37%
28 Viljami
37%
41 Aatu
36%
30 Niklas
36%
32 Aapo
35%
4 Eino
34%
6 Niilo
34%
37 Otto
34%
46 Anton
33%
38 Akseli
32%
18 Rasmus
32%
21 Vilho
30%
39 Kasper
29%
12 Lenni
27%
44 Jimi
22%
36 Toivo
22%
35 Julius
21%
40 Miro
21%
13 Noel
21%
47 Konsta
16%
34 Hugo
15%
49 Otso
15%
45 Oiva
14%
26 Peetu
13%
42 Tuukka
12%
No matching quizzes found
Score Distribution
Percent of People with Each Score
Percentile by Number Answered
Your Score History
You have not taken this quiz